Statistics for World Capitals Ending with N

Click here to take the quiz!

General Stats

  • This quiz has been taken 2,595 times
    (2,589 since last reset)
  • The average score is 19 of 24

Answer Stats

Answer% Correct
London
94%
Berlin
92%
Lisbon
92%
Washington
91%
Wellington
91%
Bern
90%
Dublin
89%
Amman
83%
Yerevan
82%
Georgetown
81%
Kingston
81%
Tehran
81%
Copenhagen
80%
Tallinn
80%
Kingstown
78%
Freetown
77%
Yaren
77%
Belmopan
73%
Bridgetown
73%
Cape Town
70%
Asuncion
69%
Bandar Seri Begawan
60%
Port of Spain
60%
Bloemfontein
55%

Score Distribution

Percentile by Number Answered

Percent of People with Each Score

Your Score History

You have not taken this quiz since the last reset